Celebrating the AAO (Record no. 18264)
[ view plain ]
| 000 -LEADER | |
|---|---|
| fixed length control field | 00855nam a2200193Ia 4500 |
| 003 - CONTROL NUMBER IDENTIFIER | |
| control field | IN-BaIIA |
| 008 - FIXED-LENGTH DATA ELEMENTS--GENERAL INFORMATION | |
| fixed length control field | 211028s9999 xx 000 0 eng d |
| 020 ## - INTERNATIONAL STANDARD BOOK NUMBER | |
| International Standard Book Number | 978-1-921916-04-5 |
| 040 ## - CATALOGING SOURCE | |
| Transcribing agency | IIA Library |
| 080 ## - UNIVERSAL DECIMAL CLASSIFICATION NUMBER | |
| Universal Decimal Classification number | 520.1(082.2) |
| Item number | CEL |
| 111 ## - MAIN ENTRY--MEETING NAME | |
| Meeting name or jurisdiction name as entry element | Symposium to Commemorate 35 Years of the AAO |
| Location of meeting | Coonabarabran |
| Date of meeting or treaty signing | 2010 June 21-15 |
| 9 (RLIN) | 34958 |
| 245 #0 - TITLE STATEMENT | |
| Title | Celebrating the AAO |
| Remainder of title | past, present and future; proceedings of a symposium to commemorate 35 years of the AAO and its transition to the Australian Astronomical Observatory held in Coonabarabran, June 21-25, 2010 |
| Statement of responsibility, etc. | edited by Russell Cannon and David Malin |
| 260 ## - PUBLICATION, DISTRIBUTION, ETC. | |
| Place of publication, distribution, etc. | Australia |
| Name of publisher, distributor, etc. | Commonwealth of Australia |
| Date of publication, distribution, etc. | 2011 |
| 300 ## - PHYSICAL DESCRIPTION | |
| Extent | xii, 353p. |
| 650 ## - SUBJECT ADDED ENTRY--TOPICAL TERM | |
| Topical term or geographic name entry element | Australian Astronomical Observatory-Congresses |
| 9 (RLIN) | 34959 |
| 700 ## - ADDED ENTRY--PERSONAL NAME | |
| Personal name | Cannon, Russell, ed. |
| 9 (RLIN) | 34960 |
| 700 ## - ADDED ENTRY--PERSONAL NAME | |
| Personal name | Malin, David, eds. |
| 9 (RLIN) | 34961 |
| 942 ## - ADDED ENTRY ELEMENTS (KOHA) | |
| Koha item type | Books |
| 952 ## - LOCATION AND ITEM INFORMATION (KOHA) | |
| -- | 45 |
| Withdrawn status | Lost status | Damaged status | Not for loan | Home library | Current library | Shelving location | Date acquired | Source of acquisition | Total Checkouts | Full call number | Barcode | Date last seen | Price effective from | Koha item type |
|---|---|---|---|---|---|---|---|---|---|---|---|---|---|---|
| IIA Library-Bangalore | IIA Library-Bangalore | General Stacks | 26/03/2012 | AAO | 520.1(082.2)/ CEL | 19186 | 05/11/2021 | 26/03/2012 | Books |